| 000 | 00825pab a2200145 454500 | ||
|---|---|---|---|
| 008 | 180718b2002 xxu||||| |||| 00| 0 eng d | ||
| 100 | _aKirchgasner, Gebhard | ||
| 245 | _aOn the role of heroes in political and economic processes | ||
| 260 | _c2002 | ||
| 300 | _ap.179-95 | ||
| 520 | _aAfter discussing various approaches about heroic behaviour in the literature, we first define and classify moral behaviour, in distinction to intrinsically motivated and `prudent' behaviour. Then, we present some arguments on the function of heroic behaviour in a modern democratic society. We conclude with some remarks on methodological as well as social problems which arise or may arise if behaviour can not be influenced by extrinsic incentives. - Reproduced. | ||
| 650 | _aEconomic systems | ||
| 773 | _aKyklos | ||
| 909 | _a52596 | ||
| 999 |
_c52596 _d52596 |
||